000 00406nam a2200145Ia 4500
008 220217s9999||||xx |||||||||||||| ||und||
020 _a0-13-230335-3
082 _a004.165 ASS
100 _aAsser, Stuart, M Stiglino, Vincent, J
_93101
245 0 _aMicrocomputer theoty and servicing
250 _a3rd
260 _aPrentice hall
_bNew Jersey
_c1997
300 _b760
650 _aMICROPROCESSOR
999 _c170828
_d170828